| 000 | 00617nam a22002177a 4500 | ||
|---|---|---|---|
| 003 | BD-DhJNU | ||
| 005 | 20250914091323.0 | ||
| 008 | 250914b |||||||| |||| 00| 0 eng d | ||
| 020 | _a9788180549526 | ||
| 040 |
_aBD-DhJNU _bENG _cBD-DhJNU _dBD-DhJNU |
||
| 082 |
_223 _a539 |
||
| 100 | _aSehgal, N.K. | ||
| 245 |
_aModern physics / _cN.K. Sehgal, K.L. Chopra and D.L. Sehgal |
||
| 260 |
_aNew Delhi : _bSultan Chand and Sons, _c2013. |
||
| 300 |
_axxvi, p. [various] : _bill. ; _c26 cm., |
||
| 504 | _aincludes index | ||
| 650 | _aPhysics | ||
| 700 | _aChopra, K.L. | ||
| 700 | _aSehgal, D.L. | ||
| 942 |
_2ddc _cBK _n0 |
||
| 999 |
_c2106 _d2106 |
||